[Event "11. Lichtenberger Sommer"]
[Site "Berlin"]
[Date "2012.08.21"]
[Round "4.106"]
[White "Günther, Boris"]
[Black "Geist, Wolfgang"]
[Result "0-1"]
[WhiteElo "1433"]
[BlackElo "1306"]
[PlyCount "86"]
[EventDate "2012.??.??"]
[WhiteTeam "SF Friedrichshagen"]
[BlackTeam "SSV 90 Artern"]

1. d4 Nf6 2. Nc3 d5 3. Bg5 Ne4 4. Nxe4 dxe4 5. f3 h6 6. Bh4 Bf5 7. fxe4 Bxe4 8.
Nf3 c6 9. Qd2 Bxf3 10. gxf3 g6 11. O-O-O Nd7 12. d5 Qb6 13. dxc6 Qxc6 14. Qa5
b6 15. Qd5 Qxd5 16. Rxd5 Rd8 17. Bh3 g5 18. Rhd1 e6 19. Rxd7 Rxd7 20. Bg3 Rxd1+
21. Kxd1 Bg7 22. c3 Ke7 23. e4 Rd8+ 24. Ke2 b5 25. Bf2 a6 26. Bb6 Rd7 27. Bc5+
Ke8 28. Bf1 Be5 29. h3 Bf4 30. Ba3 Rd2+ 31. Ke1 Rh2 32. Kd1 Rd2+ 33. Ke1 Rc2
34. Be2 Rc1+ 35. Bd1 Ra1 36. Ke2 Rxa2 37. Kf2 Kd7 38. Bb3 Ra1 39. c4 Kc6 40.
cxb5+ axb5 41. Bf8 h5 42. Bg7 Rh1 43. Kg2 Rh2+ 0-1

[Event "11. Lichtenberger Sommer"]
[Site "Berlin"]
[Date "2012.08.21"]
[Round "4.107"]
[White "Stiemerling, Karl-Heinz"]
[Black "Bensch, Wolfgang"]
[Result "0-1"]
[WhiteElo "1650"]
[BlackElo "1665"]
[PlyCount "98"]
[EventDate "2012.??.??"]
[WhiteTeam "vereinslos"]
[BlackTeam "SC Eintracht Berlin e.V."]

1. d4 d5 2. Nf3 Nf6 3. h3 Nc6 4. Bf4 e6 5. c3 h6 6. Nbd2 Be7 7. e3 a6 8. Bd3
O-O 9. O-O Re8 10. Qc2 Bf8 11. Ne5 Qe7 12. Nxf7 Qxf7 13. Bg6 Qe7 14. e4 Rd8 15.
e5 Ne8 16. Bh7+ Kh8 17. Qg6 Rd7 18. Bxh6 Qf7 19. Bxg7+ Bxg7 20. Qxf7 Rxf7 21.
Bg6 Re7 22. Nf3 Bh6 23. Nh4 Kg7 24. f4 Bd7 25. g3 Kh8 26. Bd3 Kg8 27. Kh2 Ng7
28. g4 Ne8 29. g5 Bg7 30. g6 Na5 31. b3 Bb5 32. Bxb5 axb5 33. Rab1 Nc6 34. Rb2
b4 35. Rf3 bxc3 36. Rxc3 Nxd4 37. Rd2 Nf5 38. Nxf5 exf5 39. Rxd5 Rxa2+ 40. Kg3
Ra6 41. b4 Rxg6+ 42. Kh2 Bh6 43. Rf3 Reg7 44. Rd2 Rb6 45. Rd4 Kf8 46. h4 Ra6
47. Kh3 Rg4 48. b5 Ra1 49. Rd2 Bxf4 0-1

[Event "11. Lichtenberger Sommer"]
[Site "Berlin"]
[Date "2012.08.21"]
[Round "4.108"]
[White "Fischer, Anke"]
[Black "Mühlhan, Klaus"]
[Result "0-1"]
[WhiteElo "1828"]
[BlackElo "2042"]
[PlyCount "58"]
[EventDate "2012.??.??"]
[WhiteTeam "SG Lasker Steglitz-Wilmersdorf"]
[BlackTeam "SC Empor Potsdam 1952 e.V."]

1. e4 e5 2. Nf3 Nc6 3. Bb5 a6 4. Ba4 Nf6 5. O-O Nxe4 6. d4 b5 7. Bb3 d5 8. dxe5
Be6 9. Nc3 Nxc3 10. bxc3 Be7 11. h3 Na5 12. a4 c5 13. axb5 axb5 14. Be3 c4 15.
Ba2 Nc6 16. Bf4 O-O 17. Nd4 Nxd4 18. cxd4 Ra4 19. c3 Qa5 20. Qc2 g6 21. Rfe1
Ra8 22. Re2 Ra3 23. Qb2 Qxc3 24. Qxc3 Rxc3 25. Rb1 b4 26. Rbb2 Rd3 27. Be3 Rd1+
28. Kh2 b3 29. Bb1 Ra1 0-1

[Event "11. Lichtenberger Sommer"]
[Site "Berlin"]
[Date "2012.08.21"]
[Round "4.109"]
[White "Stark, Steven"]
[Black "Dittrich, Tom"]
[Result "0-1"]
[WhiteElo "1569"]
[BlackElo "1627"]
[PlyCount "140"]
[EventDate "2012.??.??"]
[WhiteTeam "BSC Rehberge 1945 e.V."]
[BlackTeam "SG Blau-Weiß Stadtilm"]

1. e4 c5 2. Nf3 d6 3. d4 cxd4 4. Nxd4 Nf6 5. Nc3 a6 6. Bg5 e6 7. Bxf6 gxf6 8.
Qf3 Qb6 9. Nb3 Be7 10. Qe3 Qxe3+ 11. fxe3 Nc6 12. Be2 h5 13. O-O-O Bd7 14. Na4
O-O-O 15. h3 Kb8 16. Rhf1 Ne5 17. Nc3 Rc8 18. Kb1 b5 19. a3 Nc4 20. Na2 Nxe3
21. Bf3 Nxf1 22. Rxf1 Ka7 23. Rf2 h4 24. Re2 Rc7 25. Nc3 Rhc8 26. Re3 Kb6 27.
Bd1 Ra7 28. g3 hxg3 29. Rxg3 Rh8 30. Ne2 Raa8 31. Nf4 Rag8 32. Rd3 Bc6 33. Re3
Rh4 34. Ne2 Rxe4 35. Rc3 e5 36. Nd2 Rh4 37. Rb3 Kc7 38. Rc3 d5 39. Nb3 d4 40.
Rg3 Rxg3 41. Nxg3 Rxh3 42. Nf5 Bf8 43. Bg4 Rh1+ 44. Nc1 Bd7 45. Bf3 Rf1 46. Nh4
Bh6 47. Be4 Rxc1+ 48. Ka2 Be6+ 49. b3 Rf1 50. Bd3 Bg5 51. Bxf1 Bxh4 52. Bd3 f5
53. Kb2 e4 54. Be2 f4 55. Kc1 Bh3 56. Kd2 f3 57. a4 fxe2 58. Kxe2 f5 59. axb5
f4 60. b4 axb5 61. c3 f3+ 62. Kd1 f2 63. cxd4 f1=Q+ 64. Kc2 Qd3+ 65. Kb2 e3 66.
d5 e2 67. d6+ Kb7 68. d7 e1=R 69. d8=Q Re2+ 70. Kc1 Qc2# 0-1

[Event "11. Lichtenberger Sommer"]
[Site "Berlin"]
[Date "2012.08.21"]
[Round "4.110"]
[White "Schulz, Martin"]
[Black "Stiewe, Frank"]
[Result "0-1"]
[WhiteElo "1648"]
[BlackElo "1679"]
[PlyCount "110"]
[EventDate "2012.??.??"]
[WhiteTeam "KSC Strausberg Abt. Schach"]
[BlackTeam "vereinslos"]

1. c4 c5 2. Nc3 Nc6 3. Nf3 g6 4. b3 Bg7 5. Bb2 Nf6 6. Qc2 O-O 7. e3 d6 8. Nd5
Nxd5 9. Bxg7 Kxg7 10. cxd5 Ne5 11. Nxe5 dxe5 12. Qxc5 b6 13. Qa3 Bb7 14. e4 Qd7
15. Qb2 Qd6 16. Be2 f5 17. Bf3 fxe4 18. Bxe4 Bxd5 19. Bxd5 Qxd5 20. O-O Rad8
21. Rad1 Rf5 22. h3 Rg5 23. f3 Kf7 24. Qc3 Qe6 25. f4 exf4 26. Rxf4+ Kg8 27.
Qf3 Rgd5 28. Rf1 Qc8 29. Rf8+ Rxf8 30. Qxd5+ e6 31. Rxf8+ Kxf8 32. Qd3 Ke7 33.
Kf2 Qc5+ 34. Kf3 Qa5 35. Qc2 Qd5+ 36. Kf2 Qd4+ 37. Kf1 Kd6 38. Qc3 Qf4+ 39. Ke2
e5 40. Qd3+ Kc5 41. Qe3+ Qd4 42. Qxd4+ Kxd4 43. d3 b5 44. Kd2 b4 45. g3 h6 46.
h4 h5 47. Ke2 Kc3 48. Ke3 Kb2 49. Ke4 Kxa2 50. Kxe5 Kxb3 51. d4 Kc4 52. d5 b3
53. d6 b2 54. d7 b1=Q 55. d8=Q Qf5+ 0-1

[Event "11. Lichtenberger Sommer"]
[Site "Berlin"]
[Date "2012.08.21"]
[Round "4.111"]
[White "Paris, Gerhard"]
[Black "Ziegel, Mandy Marie"]
[Result "0-1"]
[WhiteElo "1615"]
[BlackElo "853"]
[PlyCount "146"]
[EventDate "2012.??.??"]
[WhiteTeam "TSG Oberschöneweide e.V."]
[BlackTeam "Schachclub Oranienburg e.V."]

1. e4 e6 2. d4 d5 3. e5 c5 4. c3 Nc6 5. Nf3 Qb6 6. Be2 Nge7 7. O-O Ng6 8. a3 a5
9. Bd3 cxd4 10. cxd4 Nxd4 11. Nxd4 Nxe5 12. Bb5+ Nc6 13. Bxc6+ bxc6 14. Nb3 Bd6
15. Be3 Qc7 16. g3 h5 17. Bc5 h4 18. Bxd6 Qxd6 19. Qf3 h3 20. Nc3 e5 21. Rad1
Be6 22. Nd2 Rh6 23. Qe2 Rg6 24. Nde4 Qc7 25. Nc5 Bg4 26. f3 Bf5 27. Rfe1 f6 28.
Kh1 Kf7 29. g4 Bd7 30. Nxd7 Qxd7 31. f4 Rxg4 32. fxe5 Qf5 33. e6+ Ke7 34. Rf1
Qxe6 35. Qxe6+ Kxe6 36. Rde1+ Kd6 37. Rf3 Rb8 38. Re2 Rg2 39. Rff2 Rxf2 40.
Rxf2 d4 41. Rd2 Ke5 42. Na4 g5 43. Kg1 g4 44. Kf2 f5 45. Re2+ Kd5 46. Rc2 Rb3
47. Rc5+ Ke4 48. Rxc6 Rf3+ 49. Ke2 d3+ 50. Kd1 Rf2 51. Nc3+ Kf3 52. Rd6 Rxb2
53. Rxd3+ Kg2 54. Kc1 Rf2 55. Nd1 Rf3 56. Rd2+ Kg1 57. Kc2 Rxa3 58. Kb2 Ra4 59.
Ne3 Rb4+ 60. Ka3 Rf4 61. Nd1 Rf3+ 62. Ka4 g3 63. hxg3 Rxg3 64. Rf2 h2 65. Rxf5
h1=Q 66. Nf2 Qh4+ 67. Kxa5 Ra3+ 68. Kb5 Qa4+ 69. Kb6 Rb3+ 70. Kc7 Qc4+ 71. Kd6
Qd4+ 72. Ke6 Rb6+ 73. Kf7 Qd7+ 0-1

[Event "11. Lichtenberger Sommer"]
[Site "Berlin"]
[Date "2012.08.21"]
[Round "4.112"]
[White "Hubbe, Bernd"]
[Black "Kühnert, Hanno"]
[Result "1/2-1/2"]
[WhiteElo "1409"]
[BlackElo "1666"]
[PlyCount "89"]
[EventDate "2012.??.??"]
[WhiteTeam "SC Rotation Pankow e.V."]
[BlackTeam "SC Rotation Pankow e.V."]

1. e4 c6 2. d4 d5 3. exd5 cxd5 4. Nc3 Nf6 5. Nf3 Bg4 6. Be2 e6 7. a3 Be7 8. Ne5
Bxe2 9. Qxe2 Qb6 10. Nf3 O-O 11. Rb1 Nc6 12. Be3 Rac8 13. O-O Na5 14. Ne5 Qc7
15. Rfc1 a6 16. h3 Nc6 17. Ng4 Nxg4 18. Qxg4 Bf6 19. Ne2 Ne7 20. c3 Nf5 21. Bf4
Qd7 22. Be5 Bxe5 23. dxe5 Rc4 24. Nd4 Rfc8 25. Rd1 Qc7 26. Re1 Nxd4 27. cxd4
Qb6 28. Red1 Rc2 29. b4 Qb5 30. Re1 Qd3 31. Re3 Qd2 32. Rf3 h6 33. h4 R8c4 34.
Qh5 Rc7 35. Rg3 Qxf2+ 36. Kh2 Qf4 37. Rbb3 Rd2 38. Rbf3 Qxd4 39. Rg4 Qb6 40.
Qxh6 g6 41. Rxg6+ fxg6 42. Qxg6+ Rg7 43. Qe8+ Kh7 44. Qh5+ Kg8 45. Qe8+ 1/2-1/2

[Event "11. Lichtenberger Sommer"]
[Site "Berlin"]
[Date "2012.08.22"]
[Round "5.2"]
[White "Rabiega, Robert"]
[Black "Martin Alvarez, Inigo"]
[Result "1-0"]
[WhiteElo "2505"]
[BlackElo "2292"]
[PlyCount "59"]
[EventDate "2012.??.??"]
[WhiteTeam "SK König Tegel 1949 e.V."]
[BlackTeam "Gros Xake Taldea"]

1. e4 d6 2. d4 g6 3. c3 Bg7 4. Nf3 Nf6 5. Bd3 O-O 6. O-O Nc6 7. d5 Nb8 8. h3 e5
9. c4 Nbd7 10. Nc3 Nh5 11. Rb1 Nf4 12. Bc2 Nb6 13. b3 Qf6 14. Nb5 Qe7 15. Be3
a6 16. Nc3 g5 17. Nh2 Qf6 18. Ne2 Bd7 19. Ng3 Nc8 20. Nf5 Re8 21. g3 Qg6 22.
gxf4 gxf4+ 23. Kh1 fxe3 24. fxe3 Bxf5 25. exf5 Qh6 26. f6 Bh8 27. Be4 Nb6 28.
Rb2 Kf8 29. Qg4 Bxf6 30. Rbf2 1-0

[Event "11. Lichtenberger Sommer"]
[Site "Berlin"]
[Date "2012.08.22"]
[Round "5.3"]
[White "Kohler, Thomas"]
[Black "Franco Alonso, Alejandro"]
[Result "0-1"]
[WhiteElo "2249"]
[BlackElo "2477"]
[PlyCount "40"]
[EventDate "2012.??.??"]
[WhiteTeam "SC Zitadelle Spandau 1977 e.V."]
[BlackTeam "Gros Xake Teldea"]

1. c4 e6 2. g3 d5 3. Bg2 Nf6 4. Nf3 dxc4 5. Na3 Bxa3 6. bxa3 b5 7. Rb1 a6 8. a4
Bb7 9. Ba3 Be4 10. Rc1 Nbd7 11. d3 cxd3 12. exd3 Bd5 13. O-O c5 14. Bxc5 Nxc5
15. Rxc5 O-O 16. Qc2 Nd7 17. Rc7 Nb6 18. axb5 axb5 19. Ra1 b4 20. Nd2 b3 0-1

[Event "11. Lichtenberger Sommer"]
[Site "Berlin"]
[Date "2012.08.22"]
[Round "5.5"]
[White "Rietze, Clemens"]
[Black "Bruchmann, Stephan"]
[Result "1/2-1/2"]
[WhiteElo "2280"]
[BlackElo "2315"]
[PlyCount "20"]
[EventDate "2012.??.??"]
[WhiteTeam "USV Potsdam e.V., Abt. Schach"]
[BlackTeam "SC Rotation Pankow e.V."]

1. e4 e6 2. d4 d5 3. Nc3 Nf6 4. Bg5 Bb4 5. e5 h6 6. Bc1 Ne4 7. Qg4 Kf8 8. Nge2
c5 9. a3 Ba5 10. dxc5 Nxc3 1/2-1/2

[Event "11. Lichtenberger Sommer"]
[Site "Berlin"]
[Date "2012.08.22"]
[Round "5.7"]
[White "Püschel, Werner"]
[Black "Lauridsen, Jesper Morch"]
[Result "0-1"]
[WhiteElo "2121"]
[BlackElo "2249"]
[PlyCount "96"]
[EventDate "2012.??.??"]
[WhiteTeam "SG Lasker Steglitz-Wilmersdorf"]
[BlackTeam "Sydostfyn"]

1. Nf3 Nf6 2. c4 e6 3. e3 d5 4. b3 c5 5. Bb2 Nc6 6. Be2 d4 7. exd4 cxd4 8. d3
e5 9. a3 a5 10. Nbd2 h6 11. Nf1 Be7 12. Ng3 O-O 13. Nd2 Re8 14. O-O Bf8 15. Bf3
Be6 16. Rb1 Qc7 17. Nde4 Nxe4 18. Bxe4 Rad8 19. Qf3 Qd7 20. h3 g6 21. Bxc6 Qxc6
22. Ne4 Bg7 23. Nf6+ Bxf6 24. Qxf6 Bf5 25. Qxc6 bxc6 26. Rfd1 h5 27. f3 Rb8 28.
g4 hxg4 29. hxg4 Bd7 30. Bc1 f5 31. gxf5 Bxf5 32. b4 axb4 33. axb4 Ra8 34. Rb3
Ra1 35. Re1 Kf7 36. b5 cxb5 37. cxb5 Rc8 38. Bd2 Ra2 39. b6 Rxd2 40. b7 Rb8 41.
Rxe5 Rc2 42. Ra5 Rc3 43. Rb4 Rc7 44. Kf2 Bxd3 45. Rxd4 Bf5 46. Kg3 Rcxb7 47.
Kf4 Re7 48. Kg5 Kg7 0-1

[Event "11. Lichtenberger Sommer"]
[Site "Berlin"]
[Date "2012.08.22"]
[Round "5.8"]
[White "Stern, Rene"]
[Black "Zur, Jan"]
[Result "1-0"]
[WhiteElo "2529"]
[BlackElo "2001"]
[PlyCount "47"]
[EventDate "2012.??.??"]
[WhiteTeam "SK König Tegel 1949 e.V."]
[BlackTeam "SC Zugzwang 95 e.V."]

1. d4 Nf6 2. c4 e6 3. Nc3 Bb4 4. Bd2 O-O 5. Nf3 c5 6. dxc5 Bxc5 7. g3 Qb6 8. e3
Qc7 9. Bg2 Nc6 10. O-O a6 11. Na4 Be7 12. c5 Ne4 13. Rc1 Rd8 14. Qc2 d5 15.
cxd6 Nxd6 16. Nd4 Bd7 17. Bxc6 Bxc6 18. Nxc6 bxc6 19. Qxc6 Qa7 20. Qc7 Bf6 21.
Ba5 Rd7 22. Qxa7 Raxa7 23. Rfd1 h5 24. Nc5 1-0

[Event "11. Lichtenberger Sommer"]
[Site "Berlin"]
[Date "2012.08.22"]
[Round "5.10"]
[White "Dauth, Benjamin"]
[Black "Welz, Peter"]
[Result "1-0"]
[WhiteElo "2322"]
[BlackElo "2140"]
[PlyCount "53"]
[EventDate "2012.??.??"]
[WhiteTeam "SC Rotation Pankow e.V."]
[BlackTeam "SV Empor Berlin e.V."]

1. e4 e6 2. d4 d5 3. exd5 exd5 4. Bd3 Nc6 5. c3 Bd6 6. Qf3 Nf6 7. h3 Qe7+ 8.
Ne2 Ne4 9. Bf4 Bxf4 10. Qxf4 O-O 11. Nd2 Nxd2 12. Kxd2 b5 13. a3 Na5 14. Kc2
Nc4 15. Rhe1 Qd6 16. b3 Qc6 17. bxc4 bxc4 18. Bf5 Qa4+ 19. Kd2 Rb8 20. Reb1
Rxb1 21. Bxb1 Qb3 22. Bc2 Qb2 23. Rb1 Qa2 24. Rb8 g6 25. g4 Kg7 26. Ng3 Bd7 27.
Nh5+ 1-0

[Event "11. Lichtenberger Sommer"]
[Site "Berlin"]
[Date "2012.08.22"]
[Round "5.12"]
[White "Boetzer, Detlef"]
[Black "Krefenstein, Sergej"]
[Result "1-0"]
[WhiteElo "2277"]
[BlackElo "2062"]
[PlyCount "129"]
[EventDate "2012.??.??"]
[WhiteTeam "SC Rotation Pankow e.V."]
[BlackTeam "TuS Makkabi Berlin e.V."]

1. d4 Nf6 2. Nf3 g6 3. c4 c5 4. Nc3 cxd4 5. Nxd4 b6 6. e4 d6 7. Be2 Bb7 8. f3
Bg7 9. Be3 O-O 10. O-O Nbd7 11. Qd2 Rc8 12. Rac1 Nc5 13. Rfd1 Qd7 14. Nd5 Ne6
15. Nb5 Bxd5 16. cxd5 Nc5 17. b4 Na6 18. Rxc8 Rxc8 19. Nxd6 Qxd6 20. Bxa6 Rd8
21. Be2 h5 22. a4 Nd7 23. a5 Rc8 24. axb6 axb6 25. b5 Kf8 26. Rc1 Rxc1+ 27.
Qxc1 Nc5 28. g3 Bf6 29. Kg2 Kg7 30. Qc2 e5 31. dxe6 fxe6 32. f4 Be7 33. e5 Qd7
34. Qc4 Qc8 35. Bd1 Qb7+ 36. Bf3 Qd7 37. Bd4 Qc8 38. Bc6 Qg8 39. Qa2 Qf7 40.
Qa7 Bd8 41. Qxf7+ Kxf7 42. Bxc5 bxc5 43. Be4 Kg7 44. Kf3 Kf7 45. Bd3 Bc7 46.
Ke4 Bb6 47. Bc4 Ke7 48. h3 Bc7 49. g4 hxg4 50. hxg4 Bb6 51. Kf3 Bc7 52. Kg3 Kf7
53. Kh4 Bd8+ 54. Kg3 Bc7 55. Kf3 Ke7 56. Ke4 Bb6 57. f5 exf5+ 58. gxf5 gxf5+
59. Kxf5 Bc7 60. Ke4 Kd7 61. Kd5 Bb6 62. e6+ Kc7 63. Ke5 Kd8 64. Kf6 Ba5 65.
e7+ 1-0

[Event "11. Lichtenberger Sommer"]
[Site "Berlin"]
[Date "2012.08.22"]
[Round "5.13"]
[White "Albrecht, Rainer"]
[Black "Siebarth, Raiko"]
[Result "1/2-1/2"]
[WhiteElo "2110"]
[BlackElo "2240"]
[PlyCount "32"]
[EventDate "2012.??.??"]
[WhiteTeam "SC Kreuzberg e.V."]
[BlackTeam "SG Blau-Weiß Stadtilm"]

1. d4 Nf6 2. c4 g6 3. Nc3 Bg7 4. e4 d6 5. Nge2 O-O 6. Ng3 e5 7. d5 a5 8. Be2
Na6 9. h4 h5 10. Bg5 Qe8 11. Qd2 Nh7 12. Be3 Bd7 13. O-O-O Qe7 14. Nf1 Bf6 15.
g3 Kh8 16. Nh2 Nc5 1/2-1/2

[Event "11. Lichtenberger Sommer"]
[Site "Berlin"]
[Date "2012.08.22"]
[Round "5.16"]
[White "Giemsa, Stephan"]
[Black "Elsing, Jan"]
[Result "1/2-1/2"]
[WhiteElo "2261"]
[BlackElo "2124"]
[PlyCount "132"]
[EventDate "2012.??.??"]
[WhiteTeam "SK König Tegel 1949 e.V."]
[BlackTeam "SC Friesen Lichtenberg e.V."]

1. d4 d5 2. Nf3 Nf6 3. c4 c6 4. e3 e6 5. b3 Nbd7 6. Bb2 Be7 7. Bd3 O-O 8. O-O
b6 9. Nc3 Bb7 10. Qc2 h6 11. Rad1 Rc8 12. e4 dxe4 13. Nxe4 Qc7 14. Nxf6+ Nxf6
15. c5 Nd5 16. Ne5 b5 17. a3 Rcd8 18. g3 a5 19. Rfe1 Bc8 20. Qe2 Bd7 21. Qe4 f5
22. Qf3 Rf6 23. h4 Rdf8 24. h5 Qc8 25. Re2 Bd8 26. Rde1 Bc7 27. Bc2 Bxe5 28.
Rxe5 g5 29. hxg6 Rxg6 30. Kg2 Rff6 31. Rh1 Rg4 32. Bc1 Qf8 33. Rxd5 exd5 34.
Bf4 Rfg6 35. Qe3 Re6 36. Qd2 Kh7 37. Rh5 Rf6 38. f3 Rgg6 39. Qxa5 Qe8 40. Qd2
Rxg3+ 41. Bxg3 Qxh5 42. Qf4 Qg5 43. a4 bxa4 44. bxa4 Qxf4 45. Bxf4 Bc8 46. Bd3
Rf7 47. a5 Ra7 48. a6 Ra8 49. Kg3 Kg6 50. Bd6 Bxa6 51. Bc2 Bc4 52. Kf4 Ra1 53.
Bxf5+ Kf6 54. Be5+ Kf7 55. Bd7 Bb5 56. Kf5 Ke7 57. Bc8 Bd3+ 58. Kf4 Bg6 59.
Bd6+ Kd8 60. Be6 Bh5 61. Bf8 Bxf3 62. Bxh6 Be4 63. Ke5 Kc7 64. Bf8 Rh1 65. Bd6+
Kb7 66. Bf8 Kc7 1/2-1/2

[Event "11. Lichtenberger Sommer"]
[Site "Berlin"]
[Date "2012.08.22"]
[Round "5.17"]
[White "Wirth, Heinz"]
[Black "Lorenz, Sascha"]
[Result "0-1"]
[WhiteElo "1988"]
[BlackElo "2258"]
[PlyCount "66"]
[EventDate "2012.??.??"]
[WhiteTeam "SC Weisse Dame e.V."]
[BlackTeam "SK König Tegel 1949 e.V."]

1. e4 d6 2. d4 Nf6 3. Nc3 c6 4. f4 Qa5 5. Bd3 e5 6. Nf3 exd4 7. Nxd4 g6 8. O-O
Bg7 9. Nf3 O-O 10. Kh1 Nbd7 11. Qe1 Re8 12. Qh4 Nc5 13. e5 Ng4 14. Ng5 h5 15.
f5 Nxd3 16. cxd3 Rxe5 17. Nce4 Rxf5 18. Nf3 Qc7 19. Qe1 Bd7 20. h3 Ne5 21. Qd1
Nxf3 22. Rxf3 d5 23. Nc3 Re8 24. Bd2 b5 25. b4 Qd6 26. Rb1 Bd4 27. Rxf5 Bxf5
28. Ne2 Be3 29. Be1 d4 30. Ng3 Qf4 31. Qc2 h4 32. Ne2 Qf1+ 33. Kh2 Qxe2 0-1

[Event "11. Lichtenberger Sommer"]
[Site "Berlin"]
[Date "2012.08.22"]
[Round "5.18"]
[White "Kollars, Dmitrij"]
[Black "Schulz, Michael"]
[Result "1/2-1/2"]
[WhiteElo "1996"]
[BlackElo "2239"]
[PlyCount "34"]
[EventDate "2012.??.??"]
[WhiteTeam "Delmenhorster SK V 1931"]
[BlackTeam "SC Empor Potsdam 1952 e.V."]

1. e4 e6 2. d4 d5 3. Nd2 Nf6 4. e5 Nfd7 5. Bd3 c5 6. c3 Nc6 7. Ne2 Qb6 8. Nf3
cxd4 9. cxd4 f6 10. exf6 Nxf6 11. O-O Bd6 12. Bf4 Qc7 13. Bxd6 Qxd6 14. Qd2 O-O
15. Rfe1 e5 16. dxe5 Nxe5 17. Nxe5 Qxe5 1/2-1/2

[Event "11. Lichtenberger Sommer"]
[Site "Berlin"]
[Date "2012.08.22"]
[Round "5.20"]
[White "Reichenbach, Werner"]
[Black "Mai, Andreas"]
[Result "1-0"]
[WhiteElo "2283"]
[BlackElo "1990"]
[PlyCount "85"]
[EventDate "2012.??.??"]
[WhiteTeam "Schachclub Oberkrämer"]
[BlackTeam "SC Friesen Lichtenberg e.V."]

1. e4 d6 2. d4 Nf6 3. Nc3 g6 4. f4 Bg7 5. Nf3 O-O 6. Bd3 Bg4 7. h3 Bxf3 8. Qxf3
e5 9. dxe5 dxe5 10. f5 Nc6 11. O-O h6 12. Be3 Qe7 13. Qf2 Nd4 14. Rae1 Rad8 15.
Nd5 Nxd5 16. exd5 Qf6 17. fxg6 Qxf2+ 18. Rxf2 fxg6 19. Rxf8+ Bxf8 20. Bxg6 Rxd5
21. c3 Nc6 22. Be4 Ra5 23. b4 Ra3 24. Bd5+ Kg7 25. Bb3 b5 26. Rd1 Bd6 27. Rd5
a5 28. Bc1 Rxb3 29. axb3 axb4 30. cxb4 Nxb4 31. Rxb5 Nc2 32. Bb2 Kf6 33. Kf2
Ke6 34. Ke2 c6 35. Rb7 Be7 36. Bc3 Bg5 37. Kf3 Kd5 38. Rd7+ Ke6 39. Rd1 Kf5 40.
g4+ Ke6 41. Ke4 Bf4 42. Rd8 Ne3 43. Bxe5 1-0

[Event "11. Lichtenberger Sommer"]
[Site "Berlin"]
[Date "2012.08.22"]
[Round "5.22"]
[White "Guenther, Thomas"]
[Black "Rohde, Wolfgang"]
[Result "1/2-1/2"]
[WhiteElo "2085"]
[BlackElo "2185"]
[PlyCount "74"]
[EventDate "2012.??.??"]
[WhiteTeam "SV Senat e.V."]
[BlackTeam "SC Friesen Lichtenberg e.V."]

1. d4 Nf6 2. Nf3 g6 3. c4 Bg7 4. Nc3 O-O 5. e4 d6 6. Be2 Bg4 7. O-O Nfd7 8. Be3
c5 9. d5 Bxc3 10. bxc3 Qa5 11. Qc2 Nb6 12. Bh6 Bxf3 13. Bxf3 Re8 14. Be2 N8d7
15. f4 Qa4 16. Qd3 Nf8 17. e5 e6 18. Bxf8 Kxf8 19. dxe6 fxe6 20. Qxd6+ Re7 21.
Qd1 Rd7 22. Qb3 Rd2 23. Bf3 Rad8 24. Bxb7 Qxc4 25. Qxc4 Nxc4 26. a4 Rb8 27. Bc6
Rbb2 28. Rab1 Rb6 29. Rxb6 axb6 30. Rb1 Nb2 31. h3 h5 32. h4 Kf7 33. Kh2 Rc2
34. Bb5 Ke7 35. Bc6 Kf7 36. Be4 Re2 37. Bf3 Rc2 1/2-1/2

[Event "11. Lichtenberger Sommer"]
[Site "Berlin"]
[Date "2012.08.22"]
[Round "5.23"]
[White "Kupfer, Michael"]
[Black "Dimitrijeski, Kristian"]
[Result "1-0"]
[WhiteElo "2021"]
[BlackElo "2165"]
[PlyCount "115"]
[EventDate "2012.??.??"]
[WhiteTeam "SC Friesen Lichtenberg e.V."]
[BlackTeam "SK König Tegel 1949 e.V."]

1. e4 e5 2. Nf3 Nc6 3. Bc4 Bc5 4. c3 Nf6 5. d4 exd4 6. cxd4 Bb4+ 7. Bd2 Bxd2+
8. Nbxd2 d5 9. exd5 Nxd5 10. O-O O-O 11. Rc1 Nce7 12. Ne4 c6 13. Re1 Bg4 14. h3
Bh5 15. Ng3 Bg6 16. Ne5 Nb6 17. Bb3 Qd6 18. Qe2 Nf5 19. Ne4 Qxd4 20. Nc5 Qf4
21. Nxb7 Nd4 22. Qe3 Qxe3 23. Rxe3 Rab8 24. Na5 Nd5 25. Bxd5 cxd5 26. Nd7 Nc2
27. Nxf8 Kxf8 28. Rb3 Re8 29. Nc6 d4 30. Rb8 Rxb8 31. Nxb8 Ke7 32. Nc6+ Kd6 33.
Nxa7 Kc5 34. Nc8 Kc4 35. Rd1 d3 36. Kf1 f5 37. Nd6+ Kd4 38. Nb5+ Kc5 39. a4 f4
40. Nc3 Kc4 41. a5 Nb4 42. Ra1 Na6 43. Ra3 Be8 44. Ne4 Bg6 45. f3 Kd4 46. Kf2
Be8 47. Nd6 Bc6 48. Nf5+ Ke5 49. Nxg7 Bb5 50. Ke1 Kf6 51. Nh5+ Kg5 52. g4 fxg3
53. Nxg3 Kf4 54. Nf1 Nc5 55. Rc3 Ne6 56. a6 Nd4 57. a7 Nxf3+ 58. Kd1 1-0

[Event "11. Lichtenberger Sommer"]
[Site "Berlin"]
[Date "2012.08.22"]
[Round "5.24"]
[White "Jachym, Adam"]
[Black "Heuser, Philip"]
[Result "0-1"]
[WhiteElo "1881"]
[BlackElo "2147"]
[PlyCount "93"]
[EventDate "2012.??.??"]
[WhiteTeam "Spolem Opole"]
[BlackTeam "SG Heidelberg-Kirchheim"]

1. e4 c6 2. d4 d5 3. Nc3 dxe4 4. Nxe4 Nd7 5. Bd3 Ndf6 6. Ng5 Bg4 7. N5f3 e6 8.
h3 Bf5 9. Ne2 Bd6 10. Bf4 Ne7 11. O-O Bxd3 12. Qxd3 O-O 13. Ne5 Qc7 14. Qf3
Rad8 15. c3 Rfe8 16. Rfe1 Ng6 17. Nxg6 hxg6 18. Bg5 Be7 19. Nf4 Nd7 20. Bxe7
Rxe7 21. Rad1 e5 22. dxe5 Rxe5 23. g3 Rxe1+ 24. Rxe1 Nf6 25. Re2 Rd1+ 26. Kg2
Qd7 27. a3 g5 28. Nh5 Nxh5 29. Qxh5 Qd5+ 30. f3 Rd2 31. Rf2 Rxf2+ 32. Kxf2 Qd2+
33. Kf1 Qd1+ 34. Kf2 Qd2+ 35. Kf1 Qc1+ 36. Ke2 Qxb2+ 37. Kf1 Qc1+ 38. Ke2 Qc2+
39. Kf1 Qxc3 40. Qxg5 Qxf3+ 41. Ke1 Qh1+ 42. Kf2 Qh2+ 43. Kf3 Qxh3 44. Qd8+ Kh7
45. Qd3+ g6 46. Qc4 Qf5+ 47. Kg2 0-1

[Event "11. Lichtenberger Sommer"]
[Site "Berlin"]
[Date "2012.08.22"]
[Round "5.25"]
[White "Sawlin, Leonid"]
[Black "Kutzner, Stephen"]
[Result "0-1"]
[WhiteElo "1952"]
[BlackElo "2036"]
[PlyCount "136"]
[EventDate "2012.??.??"]
[WhiteTeam "TuS Makkabi Berlin e.V."]
[BlackTeam "Godesberger Schachklub 1929 e.V."]

1. e4 c5 2. Nf3 Nc6 3. d4 cxd4 4. Nxd4 Nf6 5. Nc3 e5 6. Ndb5 d6 7. Bg5 a6 8.
Na3 b5 9. Nd5 Be7 10. Bxf6 Bxf6 11. c4 b4 12. Nc2 a5 13. b3 O-O 14. g3 Bg5 15.
Bg2 f5 16. exf5 Bxf5 17. Nde3 Bxe3 18. Nxe3 Nd4 19. O-O Ra7 20. f4 Qb6 21. Kh1
Raf7 22. c5 Qxc5 23. Rc1 Qa7 24. fxe5 dxe5 25. Nxf5 Rxf5 26. Rxf5 Nxf5 27. Qd5+
Qf7 28. Qxe5 Re8 29. Bd5 Kf8 30. Rc8 Nxg3+ 31. hxg3 Qf1+ 32. Kh2 Rxc8 33. Qd6+
Ke8 34. Qe6+ Kd8 35. Qg8+ Kc7 36. Qxg7+ Kd6 37. Qd4 Qe2+ 38. Bg2+ Ke7 39. Qg7+
Kd6 40. Qf6+ Kd7 41. Qf5+ Kd8 42. Qxa5+ Rc7 43. Qa8+ Ke7 44. Qd5 Qe6 45. Qg5+
Qf6 46. Qe3+ Kf8 47. Qd2 Rc3 48. Be4 h5 49. Kg2 h4 50. gxh4 Qxh4 51. Qd6+ Qe7
52. Qf4+ Kg8 53. Bd5+ Kg7 54. Qg4+ Kh6 55. Qf4+ Qg5+ 56. Qxg5+ Kxg5 57. Kf2 Kf4
58. Ke2 Ke5 59. Bf7 Kd4 60. Kd2 Rf3 61. Bc4 Rf2+ 62. Kc1 Rxa2 63. Kb1 Rh2 64.
Kc1 Kc3 65. Kb1 Rb2+ 66. Ka1 Rxb3 67. Bxb3 Kxb3 68. Kb1 Ka3 0-1